Statistics for Anagram Chain - Summer Olympics Host Cities

Click here to take the quiz!

General Stats

  • This quiz has been taken 207 times
    (191 since last reset)
  • The average score is 12 of 24

Answer Stats

Hint Answer % Correct
First Modern Olympics ->ATHENS
100%
Remove P, A, W, T; Add I, L, BBERLIN
65%
Remove R, B; Add S, K, I, HHELSINKI
63%
Remove N, E, K, Ix2; Add M, T, C, K, Ox2STOCKHOLM
58%
Remove S, H; Add P, R, WANTWERP
54%
Remove E, D, N, Yx2; Add R, A, P, IPARIS
54%
Remove C, H, U, M; Add G, J, I, B, EBEIJING
52%
Remove S, P, A, R; Add C, H, U, M, NMUNICH
52%
Remove D, L, Nx2; Add Y, K, TTOKYO
50%
Remove L, Tx2, Ax3; Add E, D, S, Yx2SYDNEY
50%
Remove D, R, E, S, Mx2; Add T, A, L, NATLANTA
48%
Remove T, I, S; Add ESEOUL
48%
Remove J, A, Ix2, Rx2, Ex2; Add L, NLONDON
48%
Remove Y, K, T; Add C, W, S, MMOSCOW
48%
Remove U, M, E; Add C, Ax2BARCELONA
46%
Remove C, A, R, B; Add L, E, G, Sx2LOS ANGELES
45%
Remove S; Add N, R, B, E, MMELBOURNE
45%
Remove W, O, S; Add E, X, C, Y, T, Ix2MEXICO CITY
45%
Remove T, Y, X, Cx2, Ix2; Add RROME
44%
Remove S, O, N, G, E, Lx2; Add T, R, A, D, Mx2AMSTERDAM
39%
Remove G, B; Add D, A, E, Ox2, Rx2RIO DE JANEIRO
39%
Remove M, C, O, K, H; Add S, I, UST LOUIS
37%
Remove R, O, L, M; Add S, HATHENS
37%
Add L, A, N, TMONTREAL
30%

Score Distribution

Percentile by Number Answered

Percent of People with Each Score

Your Score History

You have not taken this quiz since the last reset